000 01424nam a2200361 i 4500
003 EG-GICUC
005 20260409164655.0
008 260409s1972 ua |||fr|||| 000 0 ara d
017 _a2006/4727
020 _a477-04-4932-6
040 _a EG-GICUC
_bara
_c EG-GICUC
_d EG-GICUC
_erda
041 _aara
082 0 4 _221
_a343.6
_bع م . د
092 0 4 _221
099 _aLaw1 10 343.6 ع م . د 1972
100 0 _aعمر السعيد رمضان.
_eمؤلف.
245 1 0 _aدروس في علم الإجرام /
_cعمر السعيد رمضان.
264 1 _aالقاهرة :
_bدار النهضة العربية,
_c1972.
300 _a173 صفحة، صفحات غير مرقمة ؛
_c24 سم
_bإيضاحيات، صور، مثيليات ؛
336 _2rda content
_atext
337 _2rda media
_aComputer
338 _2rda carrier
_aOnline Resource
504 _aيشتمل على إرجاعات ببليوجرافية.
546 _aالنص باللغة العربية
650 1 4 _aعلم الإجرام
_2qrmak
650 1 4 _aالنظريات المفسرة للسلوك الإجرامي = العوامل الإجرامية بصفة عامة
_2qrmak
650 1 4 _aماهية العوامل الإجرامية
_2qrmak
651 1 _2qrmak
653 1 0 _aالجرائم السياسية
856 4 0 _uhttps://fll.law.cu.edu.eg/fulltext/bks/B10-09112.pdf
905 _a62
942 _2ddc
_cBK
_e21
_n0
999 _c69898
_d69898